00359nam a22001337a 450000500170000000800410001704100130005808200120007110000120008324500300009526000470012530000280017265000250020020240801131155.0240801b |||||||| |||| 00| 0 eng d aEnglish  a349 SOU lEnglish aSouth African Law Reports aCape Town: bJuta and Company Ltd, c1943  bx, 340 pages; c25 cm.  aLegal practice bLaw